| 000 | 01064nam a2200253Ia 4500 | ||
|---|---|---|---|
| 008 | 191128s9999 xx 000 0 und d | ||
| 020 | _a9788473569910 | ||
| 082 | _a158 .1 | ||
| 082 | _b S151a | ||
| 100 | _aSánchez Bayo, Alfonso, autor | ||
| 245 | 0 | _aArqueología del talento : en busca de los tesoros personales / | |
| 245 | 0 | _cAlberto Sánchez-Bayo | |
| 250 | _aTercera edición | ||
| 260 | _aMadrid | ||
| 260 | _bESIC, | ||
| 260 | _c2014 | ||
| 300 | _a141 p. | ||
| 300 | _b il. byn., 22 cm. | ||
| 500 | _aIncluye biografía del autor en solapa | ||
| 505 | _aEl templo perdido -- Desplegando el mapa -- Poniendo rumbo bajo las estrellas -- El brillo del talento -- Tasando mi tesoro -- La aventura de vivir con el talento -- El talento, pozo de la fortuna | ||
| 520 | _aDel conjunto de capacidades que constituyen el potencial que poseemos las personas, el talento es probablemente el más valioso a la vez que el mas desconocido. | ||
| 546 | _aspa | ||
| 650 | _aPsicología aplicada.-- Inteligencia emocional.-- Motivación (Psicología)-- | ||
| 999 |
_c4856 _d4856 |
||